Metro 2035 : závěr kultovní apokalyptické trilogie /

Hlavní autor: Gluchovskij, Dmitrij Aleksejevič, 1979-
Další autoři: Řežábek, Rudolf, 1944-
Jazyk: Čeština
Vydáno: Praha : Knižní klub, 2016
Vydání: Vydání první
Témata:
Externí odkaz: Digitalizovaný dokument
Fyzický popis: 484 stran ; 24 cm
Knihy
Uloženo v:
LEADER 01644nam a2200433 i 4500
001 nkc20152751076
003 CZ PrNK
005 20160425151051.0
007 ta
008 151105s2016 xr g 000 f cze
015 |a cnb002751076 
020 |a 978-80-242-5158-5  |q (vázáno) 
035 |a (OCoLC)949212651 
040 |a BOA001  |b cze  |d OLA001  |e rda 
041 1 |a cze  |h rus 
072 7 |a 821.161.1  |x Ruská literatura, rusky psaná  |2 Konspekt  |9 25 
080 |a 821.161.1-31  |2 MRF 
080 |a (0:82-311.9)  |2 MRF 
100 1 |a Gluchovskij, Dmitrij Aleksejevič,  |d 1979-  |7 xx0116739  |4 aut 
240 1 0 |a Metro 2035.  |l Česky 
245 1 0 |a Metro 2035 :  |b závěr kultovní apokalyptické trilogie /  |c Dmitry Glukhovsky ; z ruského originálu Metro 2035 ... přeložil Rudolf Řežábek 
250 |a Vydání první 
264 1 |a Praha :  |b Knižní klub,  |c 2016 
300 |a 484 stran ;  |c 24 cm 
336 |a text  |b txt  |2 rdacontent 
337 |a bez média  |b n  |2 rdamedia 
338 |a svazek  |b nc  |2 rdacarrier 
655 7 |a ruské romány  |7 fd133320  |2 czenas 
655 7 |a vědecko-fantastické romány  |7 fd133847  |2 czenas 
655 9 |a Russian fiction  |2 eczenas 
655 9 |a science fiction novels  |2 eczenas 
700 1 |a Řežábek, Rudolf,  |d 1944-  |7 ola2003198081  |4 trl 
856 4 1 |u http://www.digitalniknihovna.cz/mzk/uuid/uuid:7848be40-3b02-11ed-80d2-5ef3fc9bb22f  |y Digitalizovaný dokument  |x NDK 
910 2 |a BOA001  |b 2-1365.882 
928 9 |a Euromedia Group - Knižní klub 
990 |a BK 
995 |a 01 
991 |b 201604  |c NOV 
996 6 |b 2610668209  |c 2-1365.882  |l MZK  |r Sklad / do 1 hodiny  |n 6  |p p.v.  |w 001556790  |u 000010  |a 1  |e BOA001  |j MZK50  |s P